000 00187nam a2200085Ia 4500
008 170617s9999 xx 000 0 und d
100 _aSingh-J.P
245 0 _aSamajsasatr ke muletatab
260 _bPHI
260 _c2007
999 _c12817
_d12817